| 000 | 00949nam a2200265 a 4500 | ||
|---|---|---|---|
| 001 | 000026303 | ||
| 005 | 20200930024458.0 | ||
| 008 | 110310s2003 dr bc 000 0 spa d | ||
| 020 | _z9993489881 | ||
| 040 |
_aDO-SdBNP _bspa _cBNPHU |
||
| 082 |
_a972.9367 _bD812 |
||
| 245 | 0 | 0 | _aDuarte. |
| 260 |
_aSanto Domingo : _bBanreservas, _c2003. |
||
| 300 |
_a104 p. : _bmap., retrs. ; _c25 cm. |
||
| 490 | 1 | _aFragmentos Patria | |
| 504 | _aBibliografía : p. 102-104 | ||
| 651 | 4 |
_aDuarte (República Dominicana{Rpara} _xHistoria Local _953333 |
|
| 651 | 4 |
_aDuarte (República Dominicana{Rpara} _xDescripciones Y Viajes _953334 |
|
| 651 | 4 |
_aDuarte (República Dominicana{Rpara} _xVida Social Y Costumbres _953335 |
|
| 651 | 4 |
_aDuarte (República Dominicna{Rpara} _xBiografías _953336 |
|
| 650 | 4 |
_aCiudades y pueblos _zRepública Dominicana _9784 |
|
| 830 | 0 |
_aFragmentos Patria _951899 |
|
| 910 | _aValidado. Control de calidad MFF | ||
| 049 | _aBNPD | ||
| 999 |
_c25795 _d25795 |
||